[Event "Dulles Skyline op-A"]
[Site "Dulles"]
[Date "2022.10.08"]
[Round "2"]
[White "Dean, Edward T"]
[Black "Yang, Maxwell"]
[Result "1-0"]
[WhiteElo "1874"]
[BlackElo "1709"]
[PlyCount "79"]
[EventDate "2022.10.08"]
[EventType "swiss"]
[EventRounds "6"]
[EventCountry "USA"]
[SourceTitle "CBM 210 Extra"]
[Source "ChessBase"]
[SourceDate "2022.11.30"]
[SourceVersion "1"]
[SourceVersionDate "2022.11.30"]
[SourceQuality "1"]

1. e4 c5 2. Nf3 d6 3. Bb5+ Bd7 4. c4 Nf6 5. Nc3 g6 6. Bxd7+ Qxd7 7. d4 cxd4 8. Nxd4 Bg7 9. f3 0-0 10. 0-0 Nc6 11. Be3 Rfc8 12. b3 Qc7 13. Qd2 Qa5 14. Rad1 a6 15. Nxc6 bxc6 16. Ne2 Qa3 17. Bd4 a5 18. Nc3 Qb4 19. Na4 Qxd2 20. Rxd2 Rcb8 21. e5 Bh6 22. Rdd1 dxe5 23. Bxe5 Be3+ 24. Kh1 Rb7 25. Rfe1 Ba7 26. Bc3 Bf2 27. Re2 Bh4 28. g3 Bg5 29. Re5 Bh6 30. Rxa5 Rxa5 31. Bxa5 Nd7 32. Bc3 e5 33. Kg2 Be3 34. Rd3 Ba7 35. Rd6 c5 36. Rc6 Kf8 37. Ba5 Ke7 38. Rc7 Rxc7 39. Bxc7 f6 40. Nc3 1-0